| 000 | 003750000a22001090004500 | ||
|---|---|---|---|
| 090 |
_aAS _bSeriadas |
||
| 245 | 1 | 0 | _aApuntes etnográficos sobre los indios del alto río Sinú |
| 041 | 0 | _aEspañol | |
| 100 | 1 |
_aReichel Dolmatoff, Gerardo _912920 |
|
| 942 | _cARTICULO | ||
| 773 | 1 |
_tRevista de la Academia Colombiana de Ciencias Exactas, Fisicas y Naturales _332 _h45 _q29-40 _d1963 _g12 |
|
| 999 |
_c14279 _d14279 |
||